Money into property 2007 (Record no. 107512)

MARC details
000 -LEADER
fixed length control field 01063cam a22002295a 4500
001 - CONTROL NUMBER
control field E140504
008 - FIXED-LENGTH DATA ELEMENTS--GENERAL INFORMATION
fixed length control field 070926s2007 xxkd f 000 0 eng d
035 ## - SYSTEM CONTROL NUMBER
System control number (Sirsi) u140504
041 0# - LANGUAGE CODE
Language code of text/sound track or separate title eng
050 04 - LIBRARY OF CONGRESS CALL NUMBER
Classification number 332.6324 $2 18
110 2# - MAIN ENTRY--CORPORATE NAME
Corporate name or jurisdiction name as entry element DTZ Research
9 (RLIN) 3886
245 00 - TITLE STATEMENT
Title Money into property 2007
Medium [executive summary]
250 ## - EDITION STATEMENT
Edition statement 32nd ed.
260 ## - PUBLICATION, DISTRIBUTION, ETC.
Place of publication, distribution, etc. London
Name of publisher, distributor, etc. DTZ Research
Date of publication, distribution, etc. 2007
300 ## - PHYSICAL DESCRIPTION
Extent 28p.
Dimensions 30cm.
350 ## - PRICE (NR) (BK AM CF MU VM SE) [OBSOLETE]
Price 0.00
520 ## - SUMMARY, ETC.
Summary, etc. This executive summary provides an overview of the main flows of equity and debt into the commercial property sector and assesses trends in institutional and overseas investment, property company capital issues and loan finance. Complete edition providing more detailed results and commentary is available for a charge for download from the DTZ research website www.dtz.com/research
651 #4 - SUBJECT ADDED ENTRY--GEOGRAPHIC NAME
Geographic name International
690 ## - LOCAL SUBJECT ADDED ENTRY--TOPICAL TERM (OCLC, RLIN)
Topical term or geographic name as entry element PROPERTY-COMMERCIAL PROPERTY-COMMERCIAL PROPERTY FINANCE AND INVESTMENT
690 ## - LOCAL SUBJECT ADDED ENTRY--TOPICAL TERM (OCLC, RLIN)
Topical term or geographic name as entry element PROPERTY-PROPERTY FINANCE AND INVESTMENT-PROPERTY INVESTMENT PERFORMANCE MEASUREMENT
942 ## - ADDED ENTRY ELEMENTS (KOHA)
Suppress in OPAC 0
Holdings
Withdrawn status Lost status Source of classification or shelving scheme Damaged status Not for loan Home library Current library Shelving location Date acquired Total Checkouts Full call number Barcode Date last seen Date last checked out Copy number Price effective from Koha item type
    Dewey Decimal Classification     London London Property market reports 27/03/2008 3 P332.6324 DTZ 30071161 06/08/2019 28/07/2008 1 06/08/2019 Book